[Event "23. Erfurter Schachfestival 2013 / Meis"]
[Site "Erfurt"]
[Date "2013.12.30"]
[Round "8.9"]
[White "Levushkina, Elena"]
[Black "Hellwig, Tobias"]
[Result "1-0"]
[WhiteElo "2284"]
[BlackElo "2183"]
[PlyCount "113"]
[EventDate "2013.12.26"]
[EventRounds "8"]
[EventCountry "GER"]

1. e4 Nf6 2. Nc3 d5 3. e5 d4 4. exf6 dxc3 5. fxg7 cxd2+ 6. Bxd2 Bxg7 7. Qf3 Qd6
8. O-O-O Qf6 9. Qxf6 Bxf6 10. Ne2 c6 11. Ng3 Nd7 12. Be2 Nc5 13. Be3 Na4 14. c3
Be6 15. Nh5 Be5 16. f4 Bd6 17. Ng7+ Kd7 18. Nxe6 fxe6 19. Kc2 Kc7 20. g3 h5 21.
h3 Raf8 22. Rhf1 Nb6 23. c4 Nd7 24. g4 hxg4 25. Bxg4 Rh6 26. Rf3 Rhf6 27. Rdf1
b6 28. b3 Rg6 29. Bd2 Nc5 30. f5 exf5 31. Rxf5 Rxf5 32. Rxf5 Ne4 33. Be1 Nf6
34. Bf3 Bg3 35. Bd2 Bd6 36. Rg5 Rh6 37. Bg2 Rh7 38. Rg6 Nd7 39. Rh6 Rg7 40. Be4
Nc5 41. Bg6 Nd7 42. h4 Nf8 43. h5 Be5 44. Be4 Bf6 45. Bc3 Nd7 46. Rg6 Rxg6 47.
Bxg6 e5 48. Kd3 Nc5+ 49. Ke2 Kd6 50. Bd2 Ne6 51. Kf3 Nf4 52. Ke4 Nxg6 53. hxg6
Bg7 54. Kf5 b5 55. Bb4+ c5 56. Bd2 bxc4 57. bxc4 1-0

[Event "23. Erfurter Schachfestival 2013 / Meis"]
[Site "Erfurt"]
[Date "2013.12.30"]
[Round "8.10"]
[White "Loewe, Lennard"]
[Black "Koepke, Christian"]
[Result "1/2-1/2"]
[WhiteElo "2155"]
[BlackElo "2347"]
[PlyCount "61"]
[EventDate "2013.12.26"]
[EventRounds "8"]
[EventCountry "GER"]

1. e4 c5 2. Nf3 d6 3. d4 cxd4 4. Nxd4 Nf6 5. Nc3 g6 6. Be3 Bg7 7. f3 O-O 8. Qd2
Nc6 9. Bc4 Bd7 10. h4 h5 11. O-O-O Rc8 12. Bb3 Ne5 13. Bh6 Nc4 14. Bxc4 Rxc4
15. Bxg7 Kxg7 16. Kb1 Qa5 17. Nb3 Qc7 18. g4 Rxc3 19. bxc3 hxg4 20. h5 gxf3 21.
Rdg1 Rh8 22. hxg6 Rxh1 23. Rxh1 fxg6 24. Qh6+ Kf7 25. Rg1 Bg4 26. Rxg4 Nxg4 27.
Qh7+ Kf8 28. Qh8+ Kf7 29. Qh7+ Kf8 30. Qh8+ Kf7 31. Qh7+ {Stellungswiederholung
} 1/2-1/2

[Event "23. Erfurter Schachfestival 2013 / Amat"]
[Site "Erfurt"]
[Date "2013.12.27"]
[Round "1.1"]
[White "Kuenitz, Klaus"]
[Black "Lorenz, Valentin"]
[Result "1-0"]
[WhiteElo "1541"]
[BlackElo "1162"]
[PlyCount "105"]
[EventDate "2013.12.27"]
[EventRounds "7"]
[EventCountry "GER"]

1. d4 d5 2. c4 e6 3. Nf3 Nf6 4. Bg5 h6 5. Bh4 g5 6. Bg3 Bb4+ 7. Nc3 Ne4 8. Qa4+
Nc6 9. Rc1 Bd7 10. Qc2 g4 11. cxd5 exd5 12. Nd2 Bf5 13. Ndxe4 Bxe4 14. Qd2 Qf6
15. e3 O-O-O 16. a3 Bxc3 17. Qxc3 Qe7 18. b4 Rd7 19. Bb5 Qe6 20. O-O a6 21.
Bxc6 Qxc6 22. Qxc6 bxc6 23. Rxc6 Kb7 24. Rfc1 Rc8 25. Rxh6 Rd6 26. Bxd6 cxd6
27. Rxc8 Kxc8 28. Rxd6 f5 29. Rxa6 Kb7 30. Re6 Kc7 31. Rxe4 dxe4 32. h4 gxh3
33. gxh3 Kb6 34. h4 Kb5 35. h5 Ka4 36. h6 Kxa3 37. b5 Ka4 38. b6 Kb5 39. b7 Kc6
40. b8=Q Kd7 41. h7 f4 42. h8=Q fxe3 43. fxe3 Ke7 44. Qhe8+ Kf6 45. Qxe4 Kg5
46. d5 Kf6 47. d6 Kf7 48. d7 Kg7 49. d8=Q Kh6 50. Qeh4+ Kg6 51. e4 Kg7 52. e5
Kf7 53. Qhf6# 1-0

[Event "23. Erfurter Schachfestival 2013 / Amat"]
[Site "Erfurt"]
[Date "2013.12.27"]
[Round "1.4"]
[White "Lautenbach, Max"]
[Black "Kellner, Rene"]
[Result "0-1"]
[WhiteElo "1108"]
[BlackElo "1662"]
[PlyCount "106"]
[EventDate "2013.12.27"]
[EventRounds "7"]
[EventCountry "GER"]

1. c4 e5 2. b3 Nc6 3. Bb2 Nf6 4. Nf3 e4 5. Nd4 Bc5 6. e3 Nxd4 7. exd4 Be7 8. d3
d5 9. Be2 O-O 10. O-O exd3 11. Bxd3 Be6 12. Nd2 Re8 13. Re1 c6 14. a4 Qc7 15.
h3 Rad8 16. Bc3 c5 17. Nf3 dxc4 18. bxc4 cxd4 19. Bxd4 b6 20. Rc1 Nd7 21. Rc3
Bb4 22. Qc1 Bxc3 23. Bxc3 Nc5 24. Bxh7+ Kxh7 25. Bxg7 Kxg7 26. Qg5+ Kf8 27. Ne5
Nd3 28. Qh6+ Ke7 29. Qg5+ f6 30. Ng6+ Kd7 31. Qb5+ Qc6 32. Qxc6+ Kxc6 33. Re3
Bxc4 34. Ne7+ Kd7 35. Nf5 Rxe3 36. Nxe3 b5 37. axb5 Bxb5 38. Nd5 a5 39. Nxf6+
Ke6 40. Ne4 a4 41. Nc3 a3 42. g3 Rc8 43. Nxb5 a2 44. Nd4+ Kf6 45. Nb3 Rc3 46.
Na1 Rc1+ 47. Kg2 Ne1+ 48. Kh2 Rxa1 49. g4 Rb1 50. f4 a1=Q 51. g5+ Kf5 52. h4
Qb2+ 53. Kg3 Qg2# 0-1

[Event "23. Erfurter Schachfestival 2013 / Amat"]
[Site "Erfurt"]
[Date "2013.12.27"]
[Round "1.5"]
[White "Seidlitz, Cliff"]
[Black "Bolk, Vincent"]
[Result "1-0"]
[WhiteElo "1504"]
[BlackElo "1077"]
[PlyCount "101"]
[EventDate "2013.12.27"]
[EventRounds "7"]
[EventCountry "GER"]

1. e4 c5 2. Nf3 Nc6 3. Bb5 a6 4. Bxc6 bxc6 5. c4 d6 6. Nc3 Bg4 7. h3 Bh5 8. Qa4
Qc7 9. Nd5 Qb7 10. g4 Bg6 11. d3 e6 12. Ne3 Nf6 13. Nd2 Be7 14. Nb3 Rc8 15. Na5
Qc7 16. Bd2 O-O 17. Qc2 d5 18. cxd5 cxd5 19. f3 Qg3+ 20. Ke2 d4 21. Rag1 Qc7
22. Nec4 Nd7 23. Qc1 Nb6 24. Bf4 Qa7 25. Ne5 Na4 26. Nac6 Qb7 27. Nxe7+ Qxe7
28. h4 f6 29. Nc4 e5 30. Bd2 Rb8 31. Ba5 Qe6 32. b3 Nc3+ 33. Bxc3 dxc3 34. Qxc3
Rb7 35. Ne3 Rc7 36. Qc4 Qxc4 37. dxc4 Rd8 38. Rd1 Rcd7 39. Rxd7 Rxd7 40. Rd1
Rxd1 41. Kxd1 h5 42. Nd5 hxg4 43. Ne7+ Kf7 44. Nxg6 Kxg6 45. fxg4 Kh6 46. b4
Kg6 47. b5 axb5 48. cxb5 Kf7 49. b6 Ke7 50. b7 Kd7 51. b8=Q 1-0

[Event "23. Erfurter Schachfestival 2013 / Amat"]
[Site "Erfurt"]
[Date "2013.12.27"]
[Round "2.1"]
[White "Merx, Florian"]
[Black "Dages, Rolf"]
[Result "0-1"]
[WhiteElo "1388"]
[BlackElo "1582"]
[PlyCount "86"]
[EventDate "2013.12.27"]
[EventRounds "7"]
[EventCountry "GER"]

1. e4 d5 2. exd5 Nf6 3. Nc3 c6 4. d4 cxd5 5. Nf3 Bg4 6. Bb5+ Nc6 7. O-O e6 8.
Bf4 Be7 9. Qd3 Bf5 10. Qe2 Rc8 11. Ne5 O-O 12. Bxc6 bxc6 13. Qa6 Bd6 14. Qxa7
Nh5 15. Ne2 Nxf4 16. Nxf4 Qg5 17. Nfd3 Bh3 18. Ne1 f6 19. N5f3 Qg4 20. Kh1
Bxg2+ 21. Nxg2 Qxf3 22. Qd7 Rcd8 23. Qxc6 Qh3 24. f4 f5 25. a4 Rf6 26. a5 Rh6
27. Kg1 Qxh2+ 28. Kf2 Bxf4 29. Rg1 Qg3+ 30. Ke2 Qg4+ 31. Kf2 Bg3+ 32. Ke3 Qe4+
33. Kd2 Qxd4+ 34. Ke2 Qe4+ 35. Kd2 Rh2 36. Ra4 Rxg2+ 37. Rxg2 Qxg2+ 38. Kc1
Qf1+ 39. Kd2 Be1+ 40. Ke3 d4+ 41. Rxd4 Qf2+ 42. Kd3 Qxd4+ 43. Ke2 Qf2# 0-1

[Event "23. Erfurter Schachfestival 2013 / Amat"]
[Site "Erfurt"]
[Date "2013.12.27"]
[Round "2.2"]
[White "Schmidt, Sergej"]
[Black "Kuenitz, Klaus"]
[Result "0-1"]
[WhiteElo "1673"]
[BlackElo "1541"]
[PlyCount "110"]
[EventDate "2013.12.27"]
[EventRounds "7"]
[EventCountry "GER"]

1. e4 e6 2. d4 d5 3. exd5 exd5 4. Nf3 Bg4 5. h3 Bh5 6. Bd3 Nf6 7. Bf4 Bd6 8.
Bxd6 Qxd6 9. Qe2+ Kd8 10. O-O Re8 11. Qd1 Qf4 12. Nbd2 Ne4 13. Re1 Nd7 14. Re3
f5 15. Qe1 c6 16. b3 Ke7 17. g3 Qd6 18. Nh4 Kf6 19. Be2 Nxd2 20. Bxh5 Rxe3 21.
Qxe3 Ne4 22. Re1 g6 23. Be2 Kg7 24. Bd3 Rf8 25. Ng2 Ndf6 26. Nf4 Re8 27. Qc1 g5
28. Ng2 h6 29. h4 Kg6 30. hxg5 hxg5 31. Re2 Qb4 32. Ne1 Qxd4 33. Nf3 Qc5 34.
Kg2 Nh7 35. g4 fxg4 36. Nd2 Nhf6 37. Qe1 Qd4 38. f3 gxf3+ 39. Nxf3 Qc5 40. Nd2
Qd6 41. Nxe4 Nxe4 42. Bxe4+ dxe4 43. Qf2 b6 44. Re3 Qf4 45. Qg3 Kf5 46. Qh3+
Qg4+ 47. Qg3 Qxg3+ 48. Kxg3 Ke5 49. c3 Rd8 50. Kg4 Rd3 51. Re2 Rxc3 52. Kxg5
Kd4 53. Kf5 Rf3+ 54. Ke6 Kd3 55. Rxe4 Kxe4 0-1

[Event "23. Erfurter Schachfestival 2013 / Amat"]
[Site "Erfurt"]
[Date "2013.12.27"]
[Round "2.3"]
[White "Schulz, Wolfgang"]
[Black "Knobling, Rolf"]
[Result "1-0"]
[WhiteElo "1683"]
[BlackElo "1636"]
[PlyCount "81"]
[EventDate "2013.12.27"]
[EventRounds "7"]
[EventCountry "GER"]

1. e4 c5 2. Nf3 Nc6 3. d4 cxd4 4. Nxd4 d6 5. g3 Bd7 6. Bg2 Rc8 7. O-O g6 8. Be3
Bg7 9. c3 Nf6 10. Qb3 b6 11. Nd2 O-O 12. Rfe1 Ng4 13. Rac1 Nxe3 14. fxe3 Ne5
15. Qc2 Qc7 16. N2f3 b5 17. a3 a6 18. Ne2 Ng4 19. Nf4 Be6 20. Nd4 Qd7 21. Ndxe6
fxe6 22. Bh3 e5 23. Nd5 Rce8 24. Qe2 h5 25. c4 bxc4 26. Qxc4 Qa7 27. Bxg4 hxg4
28. Nc7+ Kh7 29. Nxe8 Rxe8 30. Qc7 Qxc7 31. Rxc7 Bf6 32. Kf2 Ra8 33. Rec1 a5
34. b4 axb4 35. axb4 Ra2+ 36. R1c2 Ra3 37. Ke2 Bg5 38. R7c3 Ra7 39. b5 Rb7 40.
Rb3 Kg7 41. b6 1-0

[Event "23. Erfurter Schachfestival 2013 / Amat"]
[Site "Erfurt"]
[Date "2013.12.27"]
[Round "2.5"]
[White "Kosev, Momchil"]
[Black "Seidlitz, Cliff"]
[Result "0-1"]
[WhiteElo "1332"]
[BlackElo "1504"]
[PlyCount "96"]
[EventDate "2013.12.27"]
[EventRounds "7"]
[EventCountry "GER"]

1. e4 e6 2. d4 d5 3. exd5 exd5 4. Bd3 Bd6 5. Ne2 c6 6. c3 Bg4 7. h3 Bh5 8. Qc2
Nd7 9. Bf4 Ndf6 10. Bxd6 Qxd6 11. Nd2 Ne7 12. O-O-O Bg6 13. g4 Bxd3 14. Qxd3 h6
15. f4 Ng6 16. Rde1 O-O-O 17. Qf5+ Rd7 18. Nb3 Re8 19. Nc5 Nh4 20. Qd3 Rde7 21.
Rh2 Re3 22. Qc2 Nf3 23. Reh1 Nxh2 24. Rxh2 Qe7 25. Kd1 Kb8 26. a4 Rg3 27. Ne4
Rf3 28. Nd2 Re3 29. Nf1 Rf3 30. Nd2 Rxf4 31. Qd3 Nxg4 32. hxg4 Rxg4 33. Qf5 Rg6
34. Qf4+ Ka8 35. b4 Re6 36. Qf3 g5 37. a5 f5 38. Nc1 Re3 39. Qxf5 Rxc3 40. Ne2
Re3 41. Qg4 Qxb4 42. a6 Qa4+ 43. Kc1 Qxa6 44. Ng1 Qa1+ 45. Nb1 Re1+ 46. Kd2
Qxb1 47. Ne2 Rd1+ 48. Kc3 Re3# 0-1

[Event "23. Erfurter Schachfestival 2013 / Amat"]
[Site "Erfurt"]
[Date "2013.12.28"]
[Round "3.1"]
[White "Dages, Rolf"]
[Black "Ruhl, Marcel"]
[Result "1-0"]
[WhiteElo "1582"]
[BlackElo "1430"]
[PlyCount "33"]
[EventDate "2013.12.27"]
[EventRounds "7"]
[EventCountry "GER"]

1. d4 d6 2. e4 e6 3. c4 Nd7 4. Nf3 f6 5. Bd3 b6 6. Nc3 Bb7 7. O-O c6 8. Re1 Ne7
9. e5 fxe5 10. dxe5 d5 11. Bg5 h6 12. Bg6+ Nxg6 13. Bxd8 Kxd8 14. cxd5 cxd5 15.
Qd4 h5 16. Rac1 Bc5 17. Qd2 1-0

[Event "23. Erfurter Schachfestival 2013 / Amat"]
[Site "Erfurt"]
[Date "2013.12.28"]
[Round "3.2"]
[White "Kuenitz, Klaus"]
[Black "Stratmann, Dietrich"]
[Result "1-0"]
[WhiteElo "1541"]
[BlackElo "1697"]
[PlyCount "65"]
[EventDate "2013.12.27"]
[EventRounds "7"]
[EventCountry "GER"]

1. d4 Nf6 2. c4 g6 3. Nf3 Bg7 4. Nc3 d5 5. Bf4 O-O 6. e3 Bg4 7. h3 Bxf3 8. Qxf3
c6 9. Bd3 e6 10. O-O Nfd7 11. cxd5 exd5 12. b4 a6 13. a4 Nf6 14. b5 Qa5 15.
Rfc1 axb5 16. axb5 Qxa1 17. Rxa1 Rxa1+ 18. Kh2 Ra3 19. Bd6 Rxc3 20. Bxf8 Kxf8
21. Qf4 Rxd3 22. Qxb8+ Ne8 23. Qxb7 cxb5 24. Qxb5 Rd1 25. Qxd5 Bf6 26. g3 h5
27. h4 Be7 28. Qe5 Bf6 29. Qf4 Rd2 30. Kg2 Rb2 31. d5 Bc3 32. Qa4 Be1 33. Qa3+
1-0

[Event "23. Erfurter Schachfestival 2013 / Amat"]
[Site "Erfurt"]
[Date "2013.12.28"]
[Round "3.3"]
[White "Loeck, Timm"]
[Black "Schulz, Wolfgang"]
[Result "0-1"]
[WhiteElo "1434"]
[BlackElo "1683"]
[PlyCount "76"]
[EventDate "2013.12.27"]
[EventRounds "7"]
[EventCountry "GER"]

1. d4 g6 2. Bf4 Bg7 3. Nf3 d6 4. e3 Nd7 5. h3 Ngf6 6. c4 c5 7. Nc3 O-O 8. Be2
b6 9. O-O Bb7 10. d5 Ne8 11. Rc1 Nc7 12. a4 a6 13. e4 Rb8 14. Qd2 Bc8 15. Nh2
Nf6 16. h4 h5 17. Kh1 Bd7 18. Rg1 b5 19. axb5 axb5 20. cxb5 Nxb5 21. Nxb5 Bxb5
22. Bxb5 Rxb5 23. Rge1 Qd7 24. Re2 Ng4 25. Rc2 Rfb8 26. Qc1 Ne5 27. Bxe5 Bxe5
28. f4 Bg7 29. Rcd2 Rb4 30. Qb1 Qb5 31. Nf3 Bxb2 32. Qc2 Bf6 33. Qd3 c4 34. Qe3
c3 35. Rc2 Rb2 36. e5 Rxc2 37. Rxc2 Qb1+ 38. Rc1 c2 0-1

[Event "23. Erfurter Schachfestival 2013 / Amat"]
[Site "Erfurt"]
[Date "2013.12.28"]
[Round "3.5"]
[White "Peters, Soeren"]
[Black "Kellner, Rene"]
[Result "1-0"]
[WhiteElo "1419"]
[BlackElo "1662"]
[PlyCount "101"]
[EventDate "2013.12.27"]
[EventRounds "7"]
[EventCountry "GER"]

1. e4 c5 2. Nc3 d6 3. f4 Nf6 4. Nf3 e6 5. d4 cxd4 6. Nxd4 Be7 7. Bd3 Nbd7 8.
Nb3 O-O 9. Be3 a6 10. g4 b5 11. a3 Bb7 12. g5 Ne8 13. Rg1 Nc5 14. Qh5 Nxd3+ 15.
cxd3 f6 16. Nd4 Nc7 17. g6 hxg6 18. Qxg6 Rf7 19. f5 Bf8 20. fxe6 Re7 21. Nf5
Qe8 22. Nh6+ Kh8 23. Nf7+ Kg8 24. Nxd6 Qxg6 25. Rxg6 Nxe6 26. Nxb7 Rxb7 27.
O-O-O b4 28. axb4 Bxb4 29. Nd5 Rc8+ 30. Kb1 Kh7 31. Rg2 Bd6 32. h4 Rcb8 33. h5
Ba3 34. Bc1 Nc7 35. Nxc7 Rxc7 36. Bf4 Rcb7 37. Bxb8 Rxb8 38. Ka2 Bd6 39. Rg6
Rb7 40. d4 Rb4 41. e5 Be7 42. Rdg1 Bf8 43. exf6 gxf6 44. Rxf6 Bh6 45. d5 Be3
46. Rd1 Bd4 47. Rf4 Rxb2+ 48. Ka3 Bg7 49. Rf7 Rg2 50. d6 Kg8 51. Rxg7+ 1-0

[Event "23. Erfurter Schachfestival 2013 / Amat"]
[Site "Erfurt"]
[Date "2013.12.28"]
[Round "4.1"]
[White "Seidlitz, Cliff"]
[Black "Dages, Rolf"]
[Result "1-0"]
[WhiteElo "1504"]
[BlackElo "1582"]
[PlyCount "129"]
[EventDate "2013.12.27"]
[EventRounds "7"]
[EventCountry "GER"]

1. e4 d5 2. exd5 Nf6 3. Nf3 c6 4. dxc6 Nxc6 5. c3 Bg4 6. h3 Bh5 7. d4 e5 8. g4
Bg6 9. Nxe5 Qd5 10. Nxg6 Qxh1 11. Qe2+ Be7 12. Nxh8 Kf8 13. Nxf7 Kxf7 14. Be3
Re8 15. Nd2 b5 16. Qf3 Qxf3 17. Nxf3 a6 18. Ng5+ Kg8 19. Bg2 Nd8 20. Kf1 h6 21.
Nf3 Bd6 22. Re1 Rf8 23. Nh4 Kh7 24. Nf5 Bh2 25. Ne7 Nf7 26. Nd5 Nd6 27. Nxf6+
Rxf6 28. b3 Nf7 29. Be4+ g6 30. Kg2 Bd6 31. h4 Re6 32. Bd5 Re7 33. Bd2 Rd7 34.
Bxf7 Rxf7 35. Re6 Rd7 36. Kf3 Kg7 37. Bf4 Rf7 38. Rxd6 g5 39. hxg5 hxg5 40.
Rxa6 Rxf4+ 41. Kg3 b4 42. cxb4 Rxd4 43. Ra4 Rd3+ 44. f3 Rd2 45. b5 Rd5 46. b6
Rb5 47. Ra7+ Kf6 48. b7 Ke5 49. Ra4 Rxb7 50. Re4+ Kd5 51. Ra4 Ke5 52. b4 Rc7
53. Ra5+ Kf6 54. a3 Rc3 55. a4 Rb3 56. Rb5 Ra3 57. a5 Ra4 58. Rb6+ Ke5 59. a6
Ra3 60. b5 Ra5 61. Rb7 Kf6 62. a7 Ke6 63. b6 Kd6 64. Rb8 Kc6 65. a8=Q+ 1-0

[Event "23. Erfurter Schachfestival 2013 / Amat"]
[Site "Erfurt"]
[Date "2013.12.28"]
[Round "4.4"]
[White "Urban, Jens"]
[Black "Wieland, Rolf"]
[Result "1-0"]
[WhiteElo "1491"]
[BlackElo "1462"]
[PlyCount "83"]
[EventDate "2013.12.27"]
[EventRounds "7"]
[EventCountry "GER"]

1. d4 d6 2. c4 Nf6 3. Nc3 g6 4. e4 Bg7 5. f3 O-O 6. Be3 b6 7. Qd2 Bb7 8. Nh3
Nbd7 9. Be2 e5 10. d5 Re8 11. Bg5 Bf8 12. Nf2 Be7 13. g4 Kh8 14. h4 Ng8 15.
O-O-O a6 16. Bxe7 Rxe7 17. g5 f6 18. Rdg1 Rg7 19. Ng4 Qe7 20. Ne3 Rf8 21. h5
gxh5 22. Nf5 Qf7 23. Nxg7 Qxg7 24. gxf6 Qxf6 25. Rxh5 Qe7 26. Rhg5 Ndf6 27. Qe1
Bc8 28. Qg3 Bd7 29. Qh4 Rf7 30. Bf1 Qf8 31. Bh3 Bxh3 32. Qxh3 Re7 33. Nd1 h5
34. Ne3 Rh7 35. Nf5 Qc8 36. Rxg8+ Nxg8 37. Nh6 Qf8 38. Rxg8+ Qxg8 39. Nxg8 Kxg8
40. Qc8+ Kg7 41. Qxc7+ Kh6 42. Qxd6+ 1-0

[Event "23. Erfurter Schachfestival 2013 / Amat"]
[Site "Erfurt"]
[Date "2013.12.28"]
[Round "4.5"]
[White "Kellner, Rene"]
[Black "Ruhl, Moritz"]
[Result "0-1"]
[WhiteElo "1662"]
[BlackElo "1412"]
[PlyCount "56"]
[EventDate "2013.12.27"]
[EventRounds "7"]
[EventCountry "GER"]

1. c4 g6 2. g3 Bg7 3. Bg2 e6 4. Nc3 Ne7 5. e4 c5 6. Nf3 Nbc6 7. O-O O-O 8. Rb1
b6 9. a3 d5 10. exd5 exd5 11. cxd5 Nxd5 12. Nxd5 Qxd5 13. d4 Bf5 14. Ra1 Be4
15. dxc5 Nd4 16. Nh4 Bxg2 17. Nxg2 Qxc5 18. Be3 Rad8 19. Rc1 Qb5 20. Bxd4 Bxd4
21. Qc2 Qxb2 22. Qa4 Bxf2+ 23. Kh1 b5 24. Qf4 Bb6 25. Qb4 Qxb4 26. axb4 Rd2 27.
Rcd1 Rb2 28. Rf4 Rc8 0-1

[Event "23. Erfurter Schachfestival 2013 / Amat"]
[Site "Erfurt"]
[Date "2013.12.29"]
[Round "5.1"]
[White "Kuenitz, Klaus"]
[Black "Seidlitz, Cliff"]
[Result "1-0"]
[WhiteElo "1541"]
[BlackElo "1504"]
[PlyCount "75"]
[EventDate "2013.12.27"]
[EventRounds "7"]
[EventCountry "GER"]

1. d4 d5 2. c4 c6 3. Nf3 Nf6 4. cxd5 cxd5 5. Nc3 Nc6 6. Bf4 Nh5 7. Bd2 Bf5 8.
Qb3 e6 9. a3 Rb8 10. h3 Bg6 11. g4 Nf6 12. Bf4 Bd6 13. Bxd6 Qxd6 14. e3 O-O 15.
Qd1 a6 16. Bd3 Ne4 17. Bxe4 dxe4 18. Nh4 f5 19. Nxg6 hxg6 20. g5 b5 21. Ne2
Rfd8 22. Qb3 a5 23. Nf4 Kf7 24. O-O a4 25. Qa2 Na5 26. Rad1 Nb3 27. Kg2 e5 28.
Ne2 Qe7 29. h4 Rh8 30. Rh1 Rh5 31. Nc1 Rbh8 32. Nxb3 axb3 33. Qxb3+ Kf8 34. Rc1
Qxg5+ 35. Kf1 Qd8 36. Qe6 Rxh4 37. Rxh4 Rxh4 38. Rc8 1-0

[Event "23. Erfurter Schachfestival 2013 / Amat"]
[Site "Erfurt"]
[Date "2013.12.29"]
[Round "5.2"]
[White "Braskin, Ivica"]
[Black "Peters, Soeren"]
[Result "1/2-1/2"]
[WhiteElo "1527"]
[BlackElo "1419"]
[PlyCount "98"]
[EventDate "2013.12.27"]
[EventRounds "7"]
[EventCountry "GER"]

1. e4 Nf6 2. Nc3 d5 3. exd5 Nxd5 4. Bc4 Nxc3 5. bxc3 e6 6. Nf3 Be7 7. h3 b6 8.
O-O Bb7 9. d3 O-O 10. Nh2 Bf6 11. d4 c5 12. Ng4 Be7 13. Bd3 Nc6 14. Be3 h5 15.
Ne5 Nxe5 16. dxe5 Qd5 17. f3 Qxe5 18. Bd2 Bd6 19. f4 Qd5 20. Rf2 c4 21. Be2 Bc5
22. Bf3 Bxf2+ 23. Kxf2 Qc5+ 24. Be3 Bxf3 25. Bxc5 Bxd1 26. Bxf8 Bxc2 27. Bd6
Rd8 28. Be5 Rd1 29. Rxd1 Bxd1 30. Bb8 a6 31. Ba7 b5 32. Kg3 g6 33. Kh4 Bb3 34.
a3 Bc2 35. g4 hxg4 36. hxg4 Bd3 37. Kg5 f5 38. gxf5 Bxf5 39. Kf6 Kf8 40. Bc5+
Ke8 41. Ke5 Kd7 42. Kd4 Kc6 43. Bb4 Kb6 44. Bc5+ Ka5 45. Be7 Ka4 46. Bd6 Kb3
47. Bb4 a5 48. Bxa5 Kxa3 49. Bb4+ Ka4 1/2-1/2

[Event "23. Erfurter Schachfestival 2013 / Amat"]
[Site "Erfurt"]
[Date "2013.12.29"]
[Round "5.3"]
[White "Dages, Rolf"]
[Black "Urban, Jens"]
[Result "1/2-1/2"]
[WhiteElo "1582"]
[BlackElo "1491"]
[PlyCount "51"]
[EventDate "2013.12.27"]
[EventRounds "7"]
[EventCountry "GER"]

1. d4 d5 2. e4 e6 3. c4 dxe4 4. Nc3 c5 5. d5 Nf6 6. Bg5 Be7 7. f3 exf3 8. Nxf3
O-O 9. Be2 exd5 10. cxd5 h6 11. Bxf6 Bxf6 12. O-O b6 13. Qc2 Ba6 14. Rad1 Bxe2
15. Qxe2 Re8 16. Qc4 Nd7 17. Qf4 Ne5 18. Nxe5 Rxe5 19. Ne4 Rxe4 20. Qxe4 Qd6
21. Rxf6 Qxf6 22. d6 Rd8 23. d7 Qe6 24. Qd3 Kf8 25. Qd2 Qf6 26. Kh1 1/2-1/2

[Event "23. Erfurter Schachfestival 2013 / Amat"]
[Site "Erfurt"]
[Date "2013.12.29"]
[Round "5.4"]
[White "Ruhl, Moritz"]
[Black "Schulz, Wolfgang"]
[Result "1-0"]
[WhiteElo "1412"]
[BlackElo "1683"]
[PlyCount "91"]
[EventDate "2013.12.27"]
[EventRounds "7"]
[EventCountry "GER"]

1. g3 d5 2. Bg2 Nf6 3. e3 e5 4. Ne2 Bg4 5. Nbc3 c6 6. d4 e4 7. O-O Bb4 8. f3
exf3 9. Bxf3 O-O 10. Bd2 Qd7 11. Nf4 Bxf3 12. Qxf3 Ne4 13. Nxe4 dxe4 14. Qg2
Bxd2 15. Qxd2 Na6 16. Ne2 Nc7 17. Nc3 Rae8 18. Qg2 Nd5 19. Nxd5 cxd5 20. Qf2
Rc8 21. c3 b5 22. Qf5 Qe6 23. Rf2 g6 24. Qf6 Rc6 25. Raf1 a5 26. Qxe6 Rxe6 27.
Rf6 Kg7 28. Rxe6 fxe6 29. Rxf8 Kxf8 30. Kf2 h5 31. Ke2 Ke7 32. Kd2 Kf6 33. Kc2
Ke7 34. b3 Kd7 35. a4 Kc6 36. Kb2 g5 37. h3 g4 38. hxg4 hxg4 39. axb5+ Kxb5 40.
Ka3 Kb6 41. Ka4 Ka6 42. b4 axb4 43. cxb4 e5 44. dxe5 d4 45. Kb3 dxe3 46. Kc2
1-0

[Event "23. Erfurter Schachfestival 2013 / Amat"]
[Site "Erfurt"]
[Date "2013.12.29"]
[Round "6.1"]
[White "Braskin, Ivica"]
[Black "Kuenitz, Klaus"]
[Result "0-1"]
[WhiteElo "1527"]
[BlackElo "1541"]
[PlyCount "118"]
[EventDate "2013.12.27"]
[EventRounds "7"]
[EventCountry "GER"]

1. e4 e6 2. Bc4 d5 3. exd5 exd5 4. Bb3 Nf6 5. h3 Be7 6. d3 O-O 7. Nf3 Nc6 8. a3
Bc5 9. O-O Nd4 10. Nxd4 Bxd4 11. c3 Be5 12. Bg5 c6 13. Qf3 d4 14. Re1 Qd6 15.
Bxf6 Bxf6 16. c4 c5 17. Nd2 Be5 18. Qh5 f6 19. Nf3 g6 20. Qh4 Bf5 21. Nxe5 fxe5
22. Qg3 Qb6 23. Ba4 Qxb2 24. Qxe5 Bxd3 25. Qd5+ Kg7 26. Qg5 Qxf2+ 27. Kh1 Qf6
28. Qxc5 Rac8 29. Re7+ Kh6 30. Rc7 Rxc7 31. Qxc7 Rf7 32. Qc5 Be4 33. Rg1 Qh4
34. Qd6 Qxh3+ 35. Qh2 Qxh2+ 36. Kxh2 Rf2 37. Bd7 d3 38. Bg4 Rc2 39. Kg3 Kg5 40.
Bf3 Rxc4 41. Bxe4 Rxe4 42. Kf3 Ra4 43. Ra1 b5 44. Ke3 b4 45. Kd2 Rxa3 46. Re1
h5 47. Re5+ Kf6 48. Rb5 Ra2+ 49. Kxd3 Rxg2 50. Rxb4 Rg3+ 51. Ke2 Ra3 52. Kf2 a5
53. Rb5 a4 54. Ra5 Ra2+ 55. Kg1 a3 56. Kh1 h4 57. Kg1 g5 58. Kh1 Kg6 59. Kg1
Kh5 0-1

[Event "23. Erfurter Schachfestival 2013 / Amat"]
[Site "Erfurt"]
[Date "2013.12.29"]
[Round "6.2"]
[White "Peters, Soeren"]
[Black "Ruhl, Moritz"]
[Result "1-0"]
[WhiteElo "1419"]
[BlackElo "1412"]
[PlyCount "95"]
[EventDate "2013.12.27"]
[EventRounds "7"]
[EventCountry "GER"]

1. e4 g6 2. d4 Bg7 3. Nf3 e6 4. c4 d5 5. Nc3 dxe4 6. Nxe4 Ne7 7. Bg5 Nd7 8. Qd2
f5 9. Nc3 Nf6 10. O-O-O O-O 11. d5 Qd6 12. Bf4 Qd8 13. Ng5 exd5 14. cxd5 c6 15.
Ne6 Bxe6 16. dxe6 Nfd5 17. Nxd5 Qxd5 18. Qb4 Qe4 19. Qxe4 fxe4 20. Bd6 Rfe8 21.
Bxe7 Rxe7 22. Bc4 Rc8 23. Rd7 Kf8 24. Rhd1 a5 25. Rxe7 Kxe7 26. Rd7+ Kf8 27.
Rf7+ Kg8 28. Rc7 Bh6+ 29. Kc2 Re8 30. Rxb7 Bf4 31. Rd7 Bxh2 32. g3 Bg1 33. Rf7
e3 34. e7 e2 35. Rf8+ Kg7 36. Rxe8 e1=Q 37. Rg8+ Kh6 38. e8=Q Qxf2+ 39. Qe2
Qf5+ 40. Bd3 Qc5+ 41. Kd1 Qd5 42. Qd2+ g5 43. Rh8 Kg7 44. Rxh7+ Kf8 45. Qe2 Bc5
46. Qe4 Qxa2 47. Qf5+ Kg8 48. Qxg5+ 1-0

[Event "23. Erfurter Schachfestival 2013 / Amat"]
[Site "Erfurt"]
[Date "2013.12.29"]
[Round "6.3"]
[White "Schmidt, Sergej"]
[Black "Seidlitz, Cliff"]
[Result "1-0"]
[WhiteElo "1673"]
[BlackElo "1504"]
[PlyCount "97"]
[EventDate "2013.12.27"]
[EventRounds "7"]
[EventCountry "GER"]

1. e4 e6 2. d4 d5 3. exd5 exd5 4. Nf3 Bd6 5. c4 dxc4 6. Bxc4 Nf6 7. O-O O-O 8.
Nc3 a6 9. Bg5 h6 10. Bxf6 Qxf6 11. Ne5 Bxe5 12. dxe5 Qxe5 13. Re1 Qg5 14. Qf3
Nc6 15. Bxf7+ Kh8 16. Re8 Bg4 17. Rxa8 Bxf3 18. Rxf8+ Kh7 19. Bg8+ Kg6 20. Rxf3
Qd2 21. b3 Ne5 22. Rg3+ Kf5 23. Rd1 Qf4 24. Nd5 Qh4 25. f4 Ng4 26. Ne3+ Nxe3
27. Rxe3 Qf6 28. Be6+ Kg6 29. f5+ Kh7 30. Red3 Qg5 31. Rd7 h5 32. Rf1 Qf6 33.
Rf7 Qd4+ 34. Kh1 Kh6 35. Rxc7 h4 36. Rc4 Qd3 37. Rxh4+ Kg5 38. Rhf4 Kf6 39. a4
b5 40. axb5 Qxb5 41. Bc4 Qa5 42. Rg4 Qc3 43. Rg6+ Ke7 44. Rxa6 Qd4 45. f6+ gxf6
46. Rfxf6 Qd1+ 47. Rf1 Qd4 48. Rf7+ Ke8 49. Ra8+ 1-0

[Event "23. Erfurter Schachfestival 2013 / Amat"]
[Site "Erfurt"]
[Date "2013.12.29"]
[Round "6.4"]
[White "Ruhl, Marcel"]
[Black "Kosev, Momchil"]
[Result "1/2-1/2"]
[WhiteElo "1430"]
[BlackElo "1332"]
[PlyCount "36"]
[EventDate "2013.12.27"]
[EventRounds "7"]
[EventCountry "GER"]

1. d4 Nf6 2. Nf3 g6 3. Nc3 d5 4. Bd2 Bg7 5. e3 O-O 6. Bd3 b6 7. O-O Bb7 8. Qe2
c5 9. b3 Nc6 10. dxc5 bxc5 11. Na4 Nd7 12. Rac1 e5 13. Bb5 a6 14. Bxc6 Bxc6 15.
Nc3 e4 16. Ne1 f5 17. a4 Qg5 18. f3 Kh8 1/2-1/2